Guess my Poorly Described Favourite Movies - Statistics

General Stats
  • This quiz has been taken 49 times
  • The average score is 8 of 18
Answer Stats
Hint Answer % Correct
A bloke realise he's been filmed his whole life The Truman Show
76%
Ugly, layered green guy lives in a fairytale world Shrek
69%
A guy gets in a plane crash on the way to work and has to live alone on an island for a little while Cast Away
67%
Blokes go on a lads trip and can't remember anything that happened the night before The Hangover
67%
Psycho drives a cab around Taxi Driver
60%
Massive goanna hates Japan for some reason Godzilla
56%
Nasty humanoid thing hunts people on a ship Alien
53%
Two soldiers go on a walk to tell someone something but it was all in one take 1917
44%
Among us in Antarctica The Thing
44%
Two cops try to find a bad guy who commits crimes that God wouldn't like Se7en
40%
Rich guy dresses like an animal and beats up criminals by committing crimes himself The Dark Knight
38%
ChatGPT tries to kill some people on a spaceship 2001: A Space Odyssey
36%
A bunch of funny people are the only survivors in the apocalypse and live at James Franco's house This is the End
27%
Angry guy who is scared his wife will die kills a bunch of good people after being manipulated by an old dude Star Wars: Episode III - Revenge of the Sith
22%
A couple magicians go band for band to see who can nearly kill themselves the coolest The Prestige
22%
Round guy in a cube world fights monsters and announces what everything is A Minecraft Movie
18%
Bunch of drugged up drongos do stupid stuff Jackass
7%
Magic muscular dude touches a screws private parts and spews dust in the air The Green Mile
7%
No matching quizzes found
Score Distribution
Percent of People with Each Score
Percentile by Number Answered
Your Score History
You have not taken this quiz